| 000 | 00655cam a2200205 a 4500 | ||
|---|---|---|---|
| 020 | _a0713135131 (pbk.) | ||
| 082 | 0 | 0 |
_a628.1 _bTWO _cL-23, P-61. |
| 100 | 1 |
_aTwort, A. C. _96126 |
|
| 245 | 1 | 0 |
_aWater supply / _cA.C. Twort, F.M. Law, F.W. Crowley. |
| 250 | _a3rd ed. | ||
| 260 |
_aLondon ; _aBaltimore, Md., USA : _bE. Arnold, _c1985. |
||
| 300 |
_aiv, 548 p., 22 p. of plates : _bill. ; _c23 cm. |
||
| 526 |
_a0 _b0 _c0 _d628_100000000000000_TWO |
||
| 526 |
_a0 _b0 _c0 _d628_100000000000000_TWO |
||
| 650 | 0 |
_aMCE _9379 |
|
| 650 | 0 |
_aWater-supply engineering. _9391 |
|
| 700 | 1 |
_aCrowley, F. W. _96128 |
|
| 700 | 1 |
_aLaw, Frank M. _96127 |
|
| 942 |
_2ddc _cBK |
||
| 999 |
_c547965 _d547965 |
||